El Colegio-Universidad de Santa Catalina en el Burgo de Osma y su tiempo, 1550-1840 / (Record no. 181108)

MARC details
000 -LEADER
campo de control de longitud fija 01036nam a22002535i 4500
001 - NÚMERO DE CONTROL
campo de control 181108
003 - IDENTIFICADOR DE NÚMERO DE CONTROL
campo de control ES-MaACL
005 - FECHA Y HORA DE LA ÚLTIMA TRANSACCIÓN
campo de control 20231008174901.0
008 - DATOS DE LONGITUD FIJA--INFORMACIÓN GENERAL
campo de control de longitud fija 121017s1988 sp | |||| ||spa d
020 ## - NÚMERO INTERNACIONAL ESTÁNDAR DEL LIBRO
Número Internacional Estándar del Libro 84-87196-00-4
080 ## - NÚMERO DE LA CLASIFICACIÓN DECIMAL UNIVERSAL
Número de la Clasificación Decimal Universal 378.4(463.8 Burgo de Osma)(091)
100 1# - ENTRADA PRINCIPAL--NOMBRE DE PERSONA
Nombre de persona Bartolomé Martínez, Bernabé.
9 (RLIN) 26173
245 13 - MENCIÓN DEL TÍTULO
Título El Colegio-Universidad de Santa Catalina en el Burgo de Osma y su tiempo, 1550-1840 /
Mención de responsabilidad, etc. Bernabé Bartolomé Martínez.
250 ## - MENCION DE EDICION
Mención de edición [1ª ed.].
260 ## - PUBLICACIÓN, DISTRIBUCIÓN, ETC.
Lugar de publicación, distribución, etc. [Soria] :
Nombre del editor, distribuidor, etc. Centro de Estudios Sorianos,
Fecha de publicación, distribución, etc. 1988 [i.e.1989 ]
300 ## - DESCRIPCIÓN FÍSICA
Extensión 304 p. :
Otras características físicas il. ;
Dimensiones 25 cm.
504 ## - NOTA DE BIBLIOGRAFÍA, ETC.
Nota de bibliografía, etc. Bibliografía.
610 24 - PUNTO DE ACCESO ADICIONAL DE MATERIA--NOMBRE DE ENTIDAD CORPORATIVA
Nombre de entidad corporativa o nombre de jurisdicción como elemento de entrada Colegio-Universidad de Santa Catalina (Burgo de Osma)-
Subdivisión de forma Historia.
9 (RLIN) 151657
710 2# - ENTRADA AGREGADA--NOMBRE DE ENTIDAD CORPORATIVA
Nombre de entidad corporativa o nombre de jurisdicción como elemento de entrada Centro de Estudios Sorianos.
9 (RLIN) 2676
852 ## - LOCALIZACIÓN
Ubicación ES-MaACL
Número de control de estantería A-12324
itemnumber 187991
Sublocalización o colección R.146928
Ubicación en estantería Depósito 1
Signatura antigua Olim: N-5329
Encuadernación Donación: Bernabé Bartolomé Martínez
Nota libre Dedicatoria autógrafa del autor
903 ## - NOMBRE PERSONAL DE DONANTE
9 26173
a Bartolomé Martínez, Bernabé
e Donante
942 ## - ELEMENTOS DE ENTRADA SECUNDARIOS (KOHA)
Fuente del sistema de clasificación o colocación Clasificación decimal universal
Tipo de ítem Koha Libro impreso
Holdings
Estatus retirado Estado de pérdida Fuente del sistema de clasificación o colocación Estado de daño No para préstamo Colección Biblioteca de origen Biblioteca actual Ubicación en estantería Fecha de adquisición Fuente de adquisición Total de préstamos Signatura topográfica completa Código de barras Visto por última vez Precio de reemplazo Tipo de ítem Koha Nota pública
    Clasificación decimal universal     Libros con dedicatorias Biblioteca del Ateneo de Madrid Biblioteca del Ateneo de Madrid Depósito 1 17/10/2012 Donación   A-12324 1190319 23/02/2023 23/02/2023 Libro impreso Dedicatoria autógrafa del autor